000 01168nam a22003497a 4500
001 2017047
003 OSt
005 20210426120011.0
008 910213s1991 nyuaf 001 0aeng
010 _a 91052679
020 _a0394585585 :
_c$25.00 ($33.00 Can.)
040 _aDLC
_cDLC
_dDLC
043 _an-us---
050 0 0 _aPN4874.R447
_bA3 1991
080 _a92
_bR-45
082 0 0 _a070/.92
_aB
_220
100 1 _aReston, James,
_d1909-1995
245 1 0 _aDeadline :
_ba memoir /
_cJames Reston.
250 _a1st ed.
260 _aNew York :
_bRandom House,
_cc1991.
300 _axvii, 525 p., [16] p. of plates :
_bill. ;
_c25 cm.
500 _aIncludes index.
600 0 0 _aReston, James,
_d1909-1995
630 0 0 _aNew York Times
_xHistory.
650 0 _aJournalists
_zUnited States
_xBiography.
651 0 _aUnited States
_xHistory
_y20th century.
653 _aბიოგრაფია
906 _a7
_bcbc
_corignew
_d1
_eocip
_f19
_gy-gencatlg
942 _2udc
_cBK
999 _c1173
_d1173